=LDR 00000nam 2200000 4500 =001 INLIS000000000809923 =008 ###################################ind## =035 ##$$a 0010-0925000048 =245 ##$$a Sifat Haji Dan Umrah Nabi / $c Syaikh Muhammad Nashiruddin Al-Albani =260 ##$$b Darul Haq =084 ##$$a 297.352 MUH